| 000 | 00000nam##2200000za#4500 |
| 001 | 9.615227 |
| 003 | CaOODSP |
| 005 | 20230131161134 |
| 007 | ta |
| 008 | 150406|2001||||xxc||||| f|0| 0 eng|d |
| 020 | |a0-660-18198-3 |
| 022 | |a0068-7626 |
| 040 | |aCaOODSP|beng |
| 043 | |an-cn--- |
| 086 | 1 |aM42-563E |
| 110 | 2 |aGeological Survey of Canada. |
| 245 | 10|aStratigraphy, sedimentology, and palynology of the Cretaceous (Albian) Beaver Mines, Mill Creek, and Crowsnest formations (Blairmore group) of southwestern Alberta / |cby D. A. Leckie and E. T. Burden. |
| 260 | |aOttawa - Ontario : |bNatural Resources Canada. |c2001. |
| 300 | |a103p. : |bfigs., illus. ; |c28 cm. + |emap. |
| 490 | 1 |aBulletin|x0068-7626|v563 |
| 500 | |a"The purpose of this paper is to better define the existing stratigraphy of the upper Beaver Mines and Mill Creek formations, and to provide a palynological framework for the Rocky Mountain Foothills in southern Alberta."--Summary. |
| 520 | 3 |aThe purpose of this paper is to better define the existing stratigraphy of the upper Beaver Mines and Mill Creek formations, and to provide a palynological framework for the Rocky Mountain Foothills in southern Alberta.--Summary |
| 546 | |aRésumés en français |
| 563 | |aSoftcover |
| 590 | |a01-18|b2001-05-04 |
| 690 | 07|aStratigraphy|2gcpds |
| 690 | 07|aSedimentology|2gcpds |
| 690 | 07|aGeology|2gcpds |
| 720 | 1 |aLeckie, D. A. |
| 720 | 1 |aBurden, E. T. |
| 830 | #0|aBulletin,|x0068-7626|v563|w(CaOODSP)9.514768 |